| 000 | 01457nam a2200325Ia 4500 | ||
|---|---|---|---|
| 001 | ebr10300114 | ||
| 003 | CaPaEBR | ||
| 006 | m u | ||
| 007 | cr cn||||||||| | ||
| 008 | 080703s2009 enkab sb 001 0 eng d | ||
| 010 | _z 2008027860 | ||
| 020 | _z9780195162011 (alk. paper) | ||
| 020 | _z0195162013 (alk. paper) | ||
| 040 |
_aCaPaEBR _cCaPaEBR |
||
| 035 | _a(OCoLC)352900583 | ||
| 050 | 1 | 4 |
_aHD6515.A29 _bG36 2009eb |
| 100 | 1 |
_aGanz, Marshall, _d1943- |
|
| 245 | 1 | 0 |
_aWhy David sometimes wins _h[electronic resource] : _bleadership, organization, and strategy in the California farm worker movement / _cMarshall Ganz. |
| 260 |
_aOxford ; _aNew York : _bOxford University Press, _c2009. |
||
| 300 |
_axvii, 344 p. : _bill., maps. |
||
| 504 | _aIncludes bibliographical references (p. [317]-335) and index. | ||
| 533 |
_aElectronic reproduction. _bPalo Alto, Calif. : _cebrary, _d2009. _nAvailable via World Wide Web. _nAccess may be limited to ebrary affiliated libraries. |
||
| 610 | 2 | 0 |
_aUnited Farm Workers _xHistory. |
| 650 | 0 |
_aAgricultural laborers _xLabor unions _zCalifornia _xHistory. |
|
| 650 | 0 |
_aMigrant agricultural laborers _xLabor unions _zCalifornia _xHistory. |
|
| 650 | 0 |
_aAgricultural laborers _zCalifornia _xHistory. |
|
| 655 | 7 |
_aElectronic books. _2local |
|
| 710 | 2 | _aebrary, Inc. | |
| 856 | 4 | 0 |
_uhttp://site.ebrary.com/lib/rucke/Doc?id=10300114 _zAn electronic book accessible through the World Wide Web; click to view |
| 999 |
_c170065 _d170065 |
||